Diseño de la estructura de pavimento rígido aplicación el método portland cement Association (PCA) del Tramo de Carretera el Jicaral- Santa Rosa del Peñón, León Nicaragua
Presenta el diseño de pavimento rígido para el tramo El Jicaral-Santa Rosa del Peñón, Se eligió la alternativa de pavimento rígido debido a que hoy en día este tipo de superficie de rodamiento está siendo usado con más frecuencia en la actualidad, ya que ofrece diversas ventajas en su const...
| Main Authors: | , |
|---|---|
| Other Authors: | |
| Format: | Tesis Section = Libro |
| Language: | Undetermined Spanish |
| Published: |
Managua
UNI
2016
|
| Subjects: |
| LEADER | 01227nam a2200253Ia 4500 | ||
|---|---|---|---|
| 008 | 240830s9999 xx 000 0 und d | ||
| 040 | |a BIBLIOTECA-RUPAP T.Mon 625.85 M791 | ||
| 041 | |a spa | ||
| 082 | |a T.Mon 625.85 M791 | ||
| 100 | 1 | |a Montiel López, Alfonso Alexander | |
| 100 | 1 | |b Hernández Sotelo, Miguel de Jesús | |
| 245 | 1 | 0 | |a Diseño de la estructura de pavimento rígido aplicación el método portland cement Association (PCA) del Tramo de Carretera el Jicaral- Santa Rosa del Peñón, León Nicaragua |
| 260 | |a Managua |b UNI |c 2016 | ||
| 300 | |a 104 p. :il. | ||
| 500 | |a Contiene: anexos e Incluye: CD. | ||
| 502 | |a Tesis (Ingeniero Civil)- UNI, 2016. | ||
| 520 | 3 | |a Presenta el diseño de pavimento rígido para el tramo El Jicaral-Santa Rosa del Peñón, Se eligió la alternativa de pavimento rígido debido a que hoy en día este tipo de superficie de rodamiento está siendo usado con más frecuencia en la actualidad, ya que ofrece diversas ventajas en su construcción y mantenimiento. | |
| 650 | 7 | |a PAVIMENTOS-DISEÑO | |
| 650 | 7 | |b PAVIMENTOS RIGIDOS | |
| 650 | 7 | |c PAVIMENTOS FLEXIBLE | |
| 700 | 1 | |a Tutor: |b Morales Urbina, Israel | |
| 942 | |c BK |2 ddc | ||
| 991 | |a TESIS | ||
| 999 | |c 18376 | ||